Statistics for EXO MV(most -> least viewed)

Click here to take the quiz!

General Stats

  • This quiz has been taken 16 times
  • The average score is 9 of 34

Answer Stats

HintAnswer% Correct
585M+ viewsLove Shot
100%
439M+ viewsMonster
93%
350M+ viewsKo Ko Bop
73%
326M+ viewsCALL ME BABY
60%
299M+ views으르렁 (Growl)
47%
232M+ viewsTempo
47%
144M+ viewsLOVE ME RIGHT
40%
165M+ viewsObsession
40%
252M+ views중독 (Overdose)
40%
111M+ viewsDon't fight the feeling
33%
189M+ viewsLotto
27%
102M+ viewsMAMA
27%
101M+ viewsPower
27%
160M+ views늑대와 미녀 (Wolf)
27%
60M+ views
12월의 기적 (Miracles
in December)
20%
92M+ viewsHistory
20%
79M+ viewsLucky One
20%
54,4M+ viewsUniverse
20%
32M+ viewsFor Life
13%
11M+ viewsHear Me Out
13%
71M+ viewsHey Mama!
13%
14M+ viewsLet Me In
13%
23M+ viewsLIGHTSABER
13%
43M+ viewsSing For You
13%
41M+ viewsWhat Is Love
13%
64M+ viewsDancing King
7%
31M+ viewsElectric Kiss
7%
28M+ viewsHorololo
7%
34M+ viewsKa-CHING!
7%
32,9M+ viewsWhat a life
7%
21M+ views10억뷰 (10 Billion Views)
0%
54,6M+ views花요일 (Blooming Days)
0%
9M+ viewsComing Over (Short Ver.)
0%
20M+ viewsCream Coda
0%

Score Distribution

Percentile by Number Answered

Percent of People with Each Score

Your Score History

You have not taken this quiz